| 000 | 01895cab a2200289 4500 | ||
|---|---|---|---|
| 001 | L130624 | ||
| 008 | 050818n2005 000 0 eng u | ||
| 035 | _a(Sirsi) u130624 | ||
| 041 | _aeng | ||
| 245 | _aRegulations | ||
| 260 | _c2005 | ||
| 490 |
_aBuilding _vJuly 2005 (46) (LOAN) |
||
| 520 | _aSeries of articles covering various parts of the Building Regulations including: the likely targets of Part L on energy efficiency; what enforcement of airtightness will mean for contractors; the change to energy performance calculation methods; the EU energy efficiency directive itself; government response to the Code for sustainable buildings; choices for designers in installing measures to help save lives in Part B; the work of Robust Details Ltd in Part E on acoustics; how Part F on ventilation may conflict with Part L; the effect of changes to Part H on waste disposal on housebuilders; Part M and British Standards; guide to complying with Part P and the self-certification schemes available; the Building (Scotland) Act 2003 and; a round up of latest changes to health and safety regulations, including the vibration directive. | ||
| 590 | _aIKA300805 | ||
| 650 | _aBUILDING REGULATIONS 1991 | ||
| 650 | _aBUILDING REGULATIONS 2000 APPROVED DOCUMENT L1 (2002 EDITION) | ||
| 650 | _aCODE FOR SUSTAINABLE BUILDINGS | ||
| 650 | _aBUILDING REGULATIONS 1991 APPROVED DOCUMENT B (2000 EDITION) | ||
| 650 | _aBUILDING REGULATIONS 2000 APPROVED DOCUMENT E (2003 EDITION) | ||
| 650 | _aBUILDING REGULATIONS 1991 APPROVED DOCUMENT F (1995 EDITION) | ||
| 650 | _aBUILDING REGULATIONS 2000 APPROVED DOCUMENT H (2002 EDITION) | ||
| 650 | _aBUILDING REGULATIONS 2000 APPROVED DOCUMENT M (2004 EDITION) | ||
| 650 | _aBUILDING REGULATIONS 2000 APPROVED DOCUMENT P (2005 EDITION) | ||
| 650 | _aBUILDING (SCOTLAND) ACT 2003 | ||
| 690 |
_aBuilding regulations _96224 |
||
| 942 | _n0 | ||
| 999 |
_c75738 _d75738 |
||